000 00302nam a2200133 i 4500
001 bg
245 0 _aSłownik techniczny polsko-czeski.
250 _aWyd.2.popr. i uzup.
260 _aWarszawa,
_c1977.
040 _cBPK
041 _apol
942 _cKS
008 s pl f |000 0 pol
999 _c19707
_d19707
856 _uhttp://koha.tu.koszalin.pl/cgi-bin/koha/opac-detail.pl?biblionumber=19707
_yKatalog online BPK